Les principaux cépages français - Statistiques

Statistiques générales
  • Ce quiz a été pris 804 fois
  • Le résultat moyen est 7 sur 18
Statistiques - réponses
Couleur Cépage % Correct
Noir Pinot noir
89%
Blanc Chardonnay
76%
Noir Cabernet sauvignon
72%
Noir Syrah
69%
Noir Merlot
68%
Blanc Sauvignon blanc
62%
Noir Grenache noir
59%
Blanc Riesling
45%
Noir Gamay
44%
Blanc Viognier
27%
Noir Carignan
22%
Blanc Ugni blanc
21%
Blanc Gewurtztraminer
16%
Blanc Sylvaner
11%
Blanc Savagnin
6%
Noir Trousseau
5%
Noir Poulsard
4%
Noir Tibouren
1%
Aucun quiz correspondant
Distribution des résultats
% des personnes avec chaque résultat
Percentile par nombre de réponses
Votre historique - résultats
Vous n’avez pas pris ce quiz